000 00752cam a2200253 4500
001 J64690
008 #DATE n2001 000 0 eng u
035 _a(Sirsi) u113675
041 _aeng
050 _a711.552
110 _aCB Hillier Parker
_93660
245 _aRetail warehouse parks in the pipeline. - April, August, October 2001
260 _aLondon
_bCB Hillier Parker
_c2001
300 _a3 pt. ; 30cm.
350 _a0
520 _aAvailable on the CB Hillier Parker website http://www.cbhillierparker.com
650 _aDEVELOPMENT
650 _aRETAIL WAREHOUSE PARKS
650 _aRETAIL WAREHOUSES
650 _aRETAIL PROPERTY
690 _aCOMMERICAL PROPERTY
856 _uhttps://www.cbhillierparker.com
942 _n0
999 _c101540
_d101540